Import trade control policy (Record no. 379021)

000 -LEADER
fixed length control field 00459cam a22001217a 4500
008 - FIXED-LENGTH DATA ELEMENTS--GENERAL INFORMATION
fixed length control field 180718b xxu||||| |||| 00| 0 eng d
082 ## - DEWEY DECIMAL CLASSIFICATION NUMBER
Classification number T394x54 In2
245 ## - TITLE STATEMENT
Title Import trade control policy
Statement of responsibility, etc. by Ministry of Commerce
260 ## - PUBLICATION, DISTRIBUTION, ETC.
Place of publication, distribution, etc. Delhi
Name of publisher, distributor, etc. Controller of Publications
Date of publication, distribution, etc.
500 ## - GENERAL NOTE
General note Library has: April 1965-March1966,April 1967,1968, 1971 -March 1968,1969,1972,1975, 1977
650 ## - SUBJECT ADDED ENTRY--TOPICAL TERM
Topical term or geographic name entry element International trade - government policy
700 ## - ADDED ENTRY--PERSONAL NAME
Personal name India. Ministry of Commerce
Holdings
Withdrawn status Lost status Damaged status Not for loan Permanent Location Current Location Date acquired Full call number Barcode Date last seen Price effective from Koha item type
        Indian Institute of Public Administration Indian Institute of Public Administration 2009-09-07 T394x54 In/1970-71/1 44514 2018-07-21 2018-07-21 Book
        Indian Institute of Public Administration Indian Institute of Public Administration 2009-09-07 T394x54 In2/2/1968-69 27963 2018-07-21 2018-07-21 Book

Powered by Koha